| 000 | 00407nam a22001337a 4500 | ||
|---|---|---|---|
| 082 | _a346.0436 MOK | ||
| 100 | _aMokal, Sardar Muhammad Iqbal Khan | ||
| 245 |
_aThe Transfer of Property Act / _cSardar Muhammad Iqbal Khan Mokal |
||
| 260 |
_aLahore : _bP.L.D. Publishers, _c2019. |
||
| 300 |
_a287 p. ; _c24 cm. |
||
| 942 |
_2ddc _cBK |
||
| 999 |
_c586955 _d586955 |
||